000 00452cam a22001337a 4500
008 180718b1974 xxu||||| |||| 00| 0 eng d
082 _aA81x54 In2/71/1/Pt7/2
100 _aCensus of India 1971
245 _aIndia: degree holders and technical personnel
260 _aDelhi
_bThe Controller of Publications
_c1974
300 _a641+p.
440 _aCensus of India 1971. Series-1, India . Part VII (ii)
500 _aContents: Special tables G-V - G-XII
999 _c484774
_d484774